<?xml version="1.0" encoding="UTF-8"?><?xml-stylesheet type="text/xsl" href="static/style.xsl"?><OAI-PMH xmlns="http://www.openarchives.org/OAI/2.0/" xmlns:xsi="http://www.w3.org/2001/XMLSchema-instance" xsi:schemaLocation="http://www.openarchives.org/OAI/2.0/ http://www.openarchives.org/OAI/2.0/OAI-PMH.xsd"><responseDate>2026-06-05T14:40:30Z</responseDate><request verb="GetRecord" identifier="oai:riubu.ubu.es:10259/6730" metadataPrefix="marc">https://riubu.ubu.es/oai/request</request><GetRecord><record><header><identifier>oai:riubu.ubu.es:10259/6730</identifier><datestamp>2025-09-22T13:49:18Z</datestamp><setSpec>com_10259_7354</setSpec><setSpec>com_10259_7353</setSpec><setSpec>com_10259_2604</setSpec><setSpec>com_10259_6731</setSpec><setSpec>com_10259_5086</setSpec><setSpec>com_10259.4_104</setSpec><setSpec>col_10259_7386</setSpec><setSpec>col_10259_6732</setSpec><setSpec>col_10259_3696</setSpec></header><metadata><record xmlns="http://www.loc.gov/MARC21/slim" xmlns:doc="http://www.lyncode.com/xoai" xmlns:xsi="http://www.w3.org/2001/XMLSchema-instance" xmlns:dcterms="http://purl.org/dc/terms/" xsi:schemaLocation="http://www.loc.gov/MARC21/slim http://www.loc.gov/standards/marcxml/schema/MARC21slim.xsd">
<leader>00925njm 22002777a 4500</leader>
<datafield tag="042" ind1=" " ind2=" ">
<subfield code="a">dc</subfield>
</datafield>
<datafield tag="720" ind1=" " ind2=" ">
<subfield code="a">Borreguero Beltrán, Cristina</subfield>
<subfield code="e">author</subfield>
</datafield>
<datafield tag="720" ind1=" " ind2=" ">
<subfield code="a">Melgosa Oter, Óscar Raúl</subfield>
<subfield code="e">author</subfield>
</datafield>
<datafield tag="720" ind1=" " ind2=" ">
<subfield code="a">Pereda López, Ángela</subfield>
<subfield code="e">author</subfield>
</datafield>
<datafield tag="720" ind1=" " ind2=" ">
<subfield code="a">Retortillo Atienza, Asunción</subfield>
<subfield code="e">author</subfield>
</datafield>
<datafield tag="720" ind1=" " ind2=" ">
<subfield code="a">García Cárcel, Ricardo</subfield>
<subfield code="e">author</subfield>
</datafield>
<datafield tag="260" ind1=" " ind2=" ">
<subfield code="c">2022</subfield>
</datafield>
<datafield tag="520" ind1=" " ind2=" ">
<subfield code="a">La ciudad de Burgos acogió en 2021 la XVI Reunión Científica de la Fundación Española de Historia Moderna, coincidiendo con el VIII Centenario de la colocación de la primera piedra de su Catedral. Efeméride tan destacada sirvió de marco para la reflexión de numerosos investigadores que con sus aportaciones contribuyeron a seguir sumando sillares al edificio del estudio y conocimiento del pasado. Este volumen, titulado Piedra a piedra: la construcción de la historia moderna a la sombra de las catedrales, recoge los trabajos de nueve destacados historiadores que analizan diversos aspectos de la historia de España y Europa en la Edad Moderna, que van desde la leyenda negra a las universidades, pasando por el papel de las reinas o el funcionamiento de las catedrales.</subfield>
</datafield>
<datafield tag="520" ind1=" " ind2=" ">
<subfield code="a">In 2021 the city of Burgos hosted the 16th Scientific Meeting of the Spanish Foundation for Modern History, coinciding with the eighth centenary of the laying of the foundation stone of Burgos’ Gothic cathedral. Such an important anniversary served as a framework for the reflection of numerous researchers who have contributed to this volume, entitled Stone by Stone: The Construction of Early Modern History in the Shadow of the Cathedrals. Here we bring together the work of nine prominent historians who analyse various aspects of the history of Spain and Europe in the Early Modern Age, ranging from the Black Legend to universities, the role of queens or the functioning of cathedrals.</subfield>
</datafield>
<datafield tag="024" ind2=" " ind1="8">
<subfield code="a">978-84-18465-26-0</subfield>
</datafield>
<datafield tag="024" ind2=" " ind1="8">
<subfield code="a">http://hdl.handle.net/10259/6730</subfield>
</datafield>
<datafield tag="024" ind2=" " ind1="8">
<subfield code="a">10.36443/9788418465260</subfield>
</datafield>
<datafield ind1=" " ind2=" " tag="653">
<subfield code="a">Historia Moderna</subfield>
</datafield>
<datafield ind1=" " ind2=" " tag="653">
<subfield code="a">Monarquía hispánica</subfield>
</datafield>
<datafield ind1=" " ind2=" " tag="653">
<subfield code="a">Catedrales</subfield>
</datafield>
<datafield ind1=" " ind2=" " tag="653">
<subfield code="a">Universidades</subfield>
</datafield>
<datafield ind1=" " ind2=" " tag="653">
<subfield code="a">Leyenda negra</subfield>
</datafield>
<datafield ind1=" " ind2=" " tag="653">
<subfield code="a">Pensamiento</subfield>
</datafield>
<datafield ind1=" " ind2=" " tag="653">
<subfield code="a">Política</subfield>
</datafield>
<datafield ind1=" " ind2=" " tag="653">
<subfield code="a">Guerra</subfield>
</datafield>
<datafield ind1=" " ind2=" " tag="653">
<subfield code="a">Early Modern History</subfield>
</datafield>
<datafield ind1=" " ind2=" " tag="653">
<subfield code="a">Spanish monarchy</subfield>
</datafield>
<datafield ind1=" " ind2=" " tag="653">
<subfield code="a">Cathedrals</subfield>
</datafield>
<datafield ind1=" " ind2=" " tag="653">
<subfield code="a">Universities</subfield>
</datafield>
<datafield ind1=" " ind2=" " tag="653">
<subfield code="a">Black Legend</subfield>
</datafield>
<datafield ind1=" " ind2=" " tag="653">
<subfield code="a">Thought</subfield>
</datafield>
<datafield ind1=" " ind2=" " tag="653">
<subfield code="a">Politics</subfield>
</datafield>
<datafield ind1=" " ind2=" " tag="653">
<subfield code="a">War</subfield>
</datafield>
<datafield tag="245" ind1="0" ind2="0">
<subfield code="a">Piedra a piedra: la construcción de la Historia Moderna a la sombra de las catedrales</subfield>
</datafield>
</record></metadata></record></GetRecord></OAI-PMH>